Logo BPK

Biblioteka

Politechniki Koszalińskiej

Osnovy termoemissionnego preobrazovanija energii / (Rekord nr 16077)

Szczegóły MARC
000 -ETYKIETA REKORDU
podpole kontrolne o stałej długości 00446nam a2200169 i 4500
001 - NUMER KONTROLNY REKORDU
pole kontrolne bg
040 ## - ŹRÓDŁO KATALOGOWANIA
Instytucja, która utworzyła rekord BPK
041 ## - KOD JĘZYKA
Kod języka tekstu pol
080 ## - UNIWERSALNA KLASYFIKACJA DZIESIĘTNA - UKD
UKD 621.362
008 - POLE O STAŁEJ DŁUGOŚCI - DANE KONTROLNE
podpole kontrolne o stałej długości s pl f |000 0 pol
100 1# - NAZWA OSOBOWA
Nazwa osobowa UŠAKOV, B. A.
245 #0 - TYTUŁ/ODPOWIEDZIALNOŚĆ
Tytuł Osnovy termoemissionnego preobrazovanija energii /
Pozostałe elementy strefy tytułu i oznaczenia odpowiedzialności B.A. Ušakow, V.D. Nikitim, I.Ja. Emeljanov.
260 ## - STREFA ADRESU WYDAWNICZEGO
Miejsce wydania Moskva,
Data publikacji, dystrybucji/powstania dokumentu 1974.
700 1# - HASŁO DODATKOWE - NAZWA OSOBOWA
Nazwa osobowa NIKITIN, V. D.
700 1# - HASŁO DODATKOWE - NAZWA OSOBOWA
Nazwa osobowa EMELJANOV, I. Ja.
856 ## - LOKALIZACJA I DOSTĘP DO ELEKTRONICZNYCH DOKUMENTÓW ZDALNYCH
Link (URL) http://koha.tu.koszalin.pl/cgi-bin/koha/opac-detail.pl?biblionumber=16077
Tekst linku Katalog online BPK
942 ## - DODATKOWE ELEMENTY (KOHA)
Typ dokumentu Książka
Egzemplarze
Wycofany Status egzemplarza Uszkodzony Dostępność Lokalizacja stała Lokalizacja bieżąca Numer ubytku Sygnatura Kod kreskowy Typ dokumentu Miejsce przechowywania
  Egz. niedostępny   Niedostępny Biblioteka Politechniki Koszalińskiej Biblioteka Politechniki Koszalińskiej 11876 19557 01705737 Książka  
      Dostępny Biblioteka Politechniki Koszalińskiej Biblioteka Politechniki Koszalińskiej   19558 01705744 Książka Wypożyczalnia BG
  Egz. niedostępny   Niedostępny Biblioteka Politechniki Koszalińskiej Biblioteka Politechniki Koszalińskiej 11906 19881 01708103 Książka  
  Egz. niedostępny   Niedostępny Biblioteka Politechniki Koszalińskiej Biblioteka Politechniki Koszalińskiej 11907 19882 01708110 Książka  
© 2023 Biblioteka Politechniki Koszalińskiej :: KOHA